Catálogo
 En Linea

La isla soñada / (Registro nro. 24130)

Detalles MARC
000 -CABECERA
campo de control de longitud fija 00608nam a2200205 a 4500
001 - NÚMERO DE CONTROL
campo de control 000024637
005 - FECHA Y HORA DE LA ÚLTIMA TRANSACCIÓN
campo de control 20200930023300.0
008 - DATOS DE LONGITUD FIJA--INFORMACIÓN GENERAL
campo de control de longitud fija 110127s2001 mx r 000 j spa d
020 ## - NÚMERO INTERNACIONAL ESTÁNDAR DEL LIBRO
Número Internacional Estándar del Libro 9681908902
040 ## - FUENTE DE LA CATALOGACIÓN
Centro catalogador/agencia de origen DO-SdBNP
Lengua de catalogación spa
Centro/agencia transcriptor BNPHU
082 ## - NÚMERO DE LA CLASIFICACIÓN DECIMAL DEWEY
Número de clasificación 863.64
Número de documento/Ítem M385i
049 ## - FONDOS LOCALES (OCLC)
Fondos de biblioteca BNGR
100 1# - ENTRADA PRINCIPAL--NOMBRE DE PERSONA
Nombre de persona Martínez Gil, Fernando,
Fechas asociadas al nombre 1956-
9 (RLIN) 50548
245 13 - MENCIÓN DE TÍTULO
Título La isla soñada /
Mención de responsabilidad, etc. Fernando Martínez Gil.
260 ## - PUBLICACIÓN, DISTRIBUCIÓN, ETC.
Lugar de publicación, distribución, etc. México, D. F. :
Nombre del editor, distribuidor, etc. Alfaguara,
Fecha de publicación, distribución, etc. 2001.
300 ## - DESCRIPCIÓN FÍSICA
Extensión 161 p. ;
Dimensiones 22 cm.
650 #4 - PUNTO DE ACCESO ADICIONAL DE MATERIA--TÉRMINO DE MATERIA
Término de materia o nombre geográfico como elemento de entrada Cuentos juveniles españoles
9 (RLIN) 50549
650 #4 - PUNTO DE ACCESO ADICIONAL DE MATERIA--TÉRMINO DE MATERIA
Término de materia o nombre geográfico como elemento de entrada Cuentos españoles
9 (RLIN) 3194
650 #4 - PUNTO DE ACCESO ADICIONAL DE MATERIA--TÉRMINO DE MATERIA
Término de materia o nombre geográfico como elemento de entrada Literatura española
9 (RLIN) 632
Existencias
Estado de retiro Estado de pérdida Restricciones de uso No para préstamo Código de colección Localización permanente Ubicación/localización actual Ubicación en estantería Fecha de adquisición Número de inventario Total de préstamos Signatura topográfica completa Código de barras Fecha visto por última vez Precio válido a partir de Tipo de ítem Koha
        Monografías: Libros y Folletos General General En catalogación 01.02.2011 LF1   863.64 M385i 24637-10 25.06.2020 25.06.2020 Préstamo en sala

Con tecnología Koha